00290 a2200121 4500082001800000100001700018100001700035245003600052260003800088300000900126650001100135653002200146 a341.02bSa97h aSaxena, Usha aTandon, G.S. aA handbook of international law aLucknowbPrakashan Kendrac(n.d.) aV.P. aStates aInternational law